Montseny (Record no. 95559)
[ view plain ]
| 000 -LEADER | |
|---|---|
| campo de control de longitud fija | 00597nam a2200193 i 4500 |
| 001 - NÚMERO DE CONTROL | |
| campo de control | 95559 |
| 003 - IDENTIFICADOR DE NÚMERO DE CONTROL | |
| campo de control | ES-MaACL |
| 005 - FECHA Y HORA DE LA ÚLTIMA TRANSACCIÓN | |
| campo de control | 20250720204512.0 |
| 007 - CAMPO FIJO DE DESCRIPCIÓN FÍSICA--INFORMACIÓN GENERAL | |
| campo de control de longitud fija | t| |
| 008 - DATOS DE LONGITUD FIJA--INFORMACIÓN GENERAL | |
| campo de control de longitud fija | 050531s1961 sp ||||1| cat d |
| 100 1# - ENTRADA PRINCIPAL--NOMBRE DE PERSONA | |
| Nombre de persona | Llobet, Salvador. |
| 9 (RLIN) | 72803 |
| 245 10 - MENCIÓN DEL TÍTULO | |
| Título | Montseny |
| Resto del título | : La Calma, Matagalls, Les Agudes... / |
| Mención de responsabilidad, etc. | por S. Llobet, A. Bescós y X. Coll. |
| 260 ## - PUBLICACIÓN, DISTRIBUCIÓN, ETC. | |
| Lugar de publicación, distribución, etc. | Granollers : |
| Nombre del editor, distribuidor, etc. | Alpina, |
| Fecha de publicación, distribución, etc. | 1961. |
| 300 ## - DESCRIPCIÓN FÍSICA | |
| Extensión | 24 p., 1 map. col. pleg. ; |
| Dimensiones | 16 cm. |
| 700 0# - ENTRADA AGREGADA--NOMBRE PERSONAL | |
| Nombre de persona | Bescós, A. |
| 9 (RLIN) | 28571 |
| 700 1# - ENTRADA AGREGADA--NOMBRE PERSONAL | |
| Nombre de persona | Coll, Xavier, |
| Fechas asociadas al nombre | 1901-1981 |
| 9 (RLIN) | 39622 |
| 852 ## - LOCALIZACIÓN | |
| Ubicación | ES-MaACL |
| Número de control de estantería | 2010-F-20 |
| Sublocalización o colección | R.49305 |
| Estatus retirado | Estado de pérdida | Estado de daño | No para préstamo | Colección | Biblioteca de origen | Biblioteca actual | Ubicación en estantería | Fecha de adquisición | Fuente de adquisición | Total de préstamos | Signatura topográfica completa | Código de barras | Visto por última vez | Precio de reemplazo | Tipo de ítem Koha |
|---|---|---|---|---|---|---|---|---|---|---|---|---|---|---|---|
| Colección de folletos | Biblioteca del Ateneo de Madrid | Biblioteca del Ateneo de Madrid | Depósito folletos | 17/01/2008 | 2010-F-20 | 1099781 | 23/02/2023 | 23/02/2023 | Folleto |
